Introducción al cálculo con geometría analítica

Bibliographic Details
Main Author: Swokowski, Earl W
Format: Section = Libro
Language:Undetermined
Spanish
Published: México Iberoamérica 1987
Subjects:
LEADER 00524nam a2200193Ia 4500
008 240829s9999 xx 000 0 und d
020 |a 968-7270-27-6 
040 |a BIBLIOTECA-RUSB/ 515.15 S979 
041 |a spa 
082 |a 515.15 S979 
100 1 |a Swokowski, Earl W 
245 1 0 |a Introducción al cálculo con geometría analítica 
260 |a México  |b Iberoamérica  |c 1987 
300 |a 502 p. :il. 
650 7 |a CALCULO Y GEOMETRIA ANALITICA 
650 7 |b  MATEMATICA 
942 |c BK  |2 ddc 
991 |a TEXTO 
999 |c 1662